[Event "Santiago Oriental zt"]
[Site "Santiago"]
[Date "2024.01.26"]
[Round "8"]
[White "Roll Renford, Evelio Amaurys"]
[Black "Alvarez Calzadilla, Jose Avelino"]
[Result "0-1"]
[WhiteElo "2247"]
[BlackElo "2317"]
[PlyCount "65"]
[EventDate "2024.01.21"]
[EventType "tourn"]
[EventRounds "9"]
[EventCountry "CUB"]
[SourceTitle "CB06_2024"]
[SourceDate "2024.02.07"]
[SourceVersion "1"]
[SourceVersionDate "2024.02.07"]
[SourceQuality "1"]

1. e4 c5 2. Nf3 d6 3. d4 cxd4 4. Nxd4 Nf6 5. Nc3 a6 6. Bc4 e6 7. Bb3 b5 8. 0-0 Be7 9. f4 0-0 10. f5 b4 11. Na4 e5 12. Ne2 Bb7 13. Ng3 Nbd7 14. Qf3 Bc6 15. a3 a5 16. Bg5 h6 17. Bxf6 Nxf6 18. Kh1 Qc7 19. Rfe1 Rfb8 20. axb4 Rxb4 21. Ra2 Qb7 22. Nc3 Bd8 23. h3 Rc8 24. Nh5 Nxe4 25. Nxe4 Bxe4 26. Qg3 Bg5 27. Rxa5 Bxc2 28. Bd5 Qb6 29. Qa3 Bxf5 30. Rf1 Bg6 31. Bxf7+ Bxf7 32. Rxf7 Rc1+ 33. Kh2 0-1

[Event "Santiago Oriental zt"]
[Site "Santiago"]
[Date "2024.01.24"]
[Round "6"]
[White "Rosabal Contreras, Yonisbel"]
[Black "Alvarez Calzadilla, Jose Avelino"]
[Result "0-1"]
[WhiteElo "2223"]
[BlackElo "2317"]
[PlyCount "68"]
[EventDate "2024.01.21"]
[EventType "tourn"]
[EventRounds "9"]
[EventCountry "CUB"]
[SourceTitle "CB06_2024"]
[SourceDate "2024.02.07"]
[SourceVersion "1"]
[SourceVersionDate "2024.02.07"]
[SourceQuality "1"]

1. e4 c5 2. Nc3 Nc6 3. f4 g6 4. Nf3 Bg7 5. Bb5 Nd4 6. Bc4 e6 7. 0-0 Ne7 8. e5 0-0 9. d3 d5 10. exd6 Nef5 11. a4 Nxd6 12. Ba2 b6 13. Be3 Bb7 14. Ng5 Qc7 15. Nce4 Qc6 16. c3 N4f5 17. Qf3 Nxe4 18. dxe4 Nxe3 19. Qxe3 h6 20. Nh3 Qxe4 21. Qg3 Rad8 22. Rae1 Qxa4 23. Bb1 Rd2 24. Nf2 Rfd8 25. Bxg6 fxg6 26. Rxe6 R2d6 27. Qxg6 Rxe6 28. Qxe6+ Kh8 29. Qe7 Qd7 30. Qh4 Rg8 31. Re1 Qc6 32. Qh3 Qxg2+ 33. Qxg2 Bxg2 34. Kxg2 Bxc3+ 0-1

[Event "Sitges op 47th"]
[Site "Sitges"]
[Date "2023.07.30"]
[Round "9"]
[White "Bajaj, Prakhar"]
[Black "Alvarez Calzadilla, Jose Avelino"]
[Result "0-1"]
[WhiteElo "1914"]
[BlackElo "2364"]
[PlyCount "83"]
[EventDate "2023.07.22"]
[EventType "swiss"]
[EventRounds "9"]
[EventCountry "ESP"]
[SourceTitle "CBM 215 Extra"]
[Source "ChessBase"]
[SourceDate "2023.09.30"]
[SourceVersion "1"]
[SourceVersionDate "2023.09.30"]
[SourceQuality "1"]

1. e4 c5 2. Nf3 d6 3. Bb5+ Bd7 4. Bxd7+ Qxd7 5. c4 Nc6 6. d4 cxd4 7. Nxd4 Nf6 8. Nc3 g6 9. f3 Bg7 10. Be3 0-0 11. 0-0 a6 12. Qd3 Rab8 13. a4 Rfc8 14. b3 Qd8 15. Rfd1 Nd7 16. Rab1 Nc5 17. Qd2 Na5 18. Qe2 Nc6 19. Qf2 Nd7 20. f4 Qa5 21. Qd2 Nf6 22. h3 Rd8 23. Nc2 e6 24. b4 Qc7 25. a5 Qe7 26. Qd3 Rbc8 27. Na4 e5 28. Nb6 Rc7 29. Nd5 Nxd5 30. exd5 exf4 31. Bb6 Ne5 32. Qe2 f3 33. gxf3 Rxc4 34. Bxd8 Qxd8 35. Ne1 Qh4 36. Qg2 Rxb4 37. Rxb4 Qxb4 38. Qd2 Qh4 39. Qg2 Qa4 40. Qc2 Qh4 41. Rb1 Bh6 42. Rxb7 0-1

[Event "Sitges op 47th"]
[Site "Sitges"]
[Date "2023.07.23"]
[Round "2"]
[White "Alvarez Calzadilla, Jose Avelino"]
[Black "Dhruva, Thota"]
[Result "1/2-1/2"]
[WhiteElo "2364"]
[BlackElo "2079"]
[PlyCount "101"]
[EventDate "2023.07.22"]
[EventType "swiss"]
[EventRounds "9"]
[EventCountry "ESP"]
[SourceTitle "CBM 215 Extra"]
[Source "ChessBase"]
[SourceDate "2023.09.30"]
[SourceVersion "1"]
[SourceVersionDate "2023.09.30"]
[SourceQuality "1"]

1. e4 c5 2. Nf3 d6 3. d4 cxd4 4. Nxd4 Nf6 5. Nc3 a6 6. a4 e5 7. Nf3 Be7 8. Bg5 Be6 9. Bxf6 Bxf6 10. Nd5 Nd7 11. Bc4 Nb6 12. Nxb6 Qxb6 13. Bxe6 fxe6 14. 0-0 0-0 15. a5 Qc6 16. Re1 Rfe8 17. c3 d5 18. Qe2 Rad8 19. h4 Rd7 20. Qe3 Red8 21. g3 Rd6 22. Re2 Qc7 23. Kg2 Rc6 24. Nh2 Rc4 25. Qf3 d4 26. cxd4 exd4 27. Ra3 Be7 28. Rb3 Rb4 29. Rd3 Qxa5 30. Qg4 Qb6 31. Kg1 e5 32. Nf3 Qd6 33. Rc2 h6 34. Ne1 Qd7 35. Qe2 Rf8 36. Rf3 Rxf3 37. Qxf3 Rb6 38. Nd3 Bd6 39. Qd1 Rc6 40. Rxc6 Qxc6 41. Qg4 Qe8 42. Qf5 Qf7 43. Qc8+ Kh7 44. Qg4 b5 45. f4 Qf6 46. b4 exf4 47. gxf4 Qe7 48. Qf5+ Kg8 49. e5 Bxb4 50. Nxb4 Qxb4 51. Qe6+ 1/2-1/2

[Event "Barcelona Sant Marti op-A 23rd"]
[Site "Barcelona"]
[Date "2023.07.14"]
[Round "2"]
[White "Alvarez Calzadilla, Jose Avelino"]
[Black "Vivaan, Vijay Saraogi"]
[Result "1-0"]
[WhiteElo "2364"]
[BlackElo "1739"]
[PlyCount "65"]
[EventDate "2023.07.13"]
[EventType "swiss"]
[EventRounds "9"]
[EventCountry "ESP"]
[SourceTitle "CBM 215 Extra"]
[Source "ChessBase"]
[SourceDate "2023.09.30"]
[SourceVersion "1"]
[SourceVersionDate "2023.09.30"]
[SourceQuality "1"]

1. e4 c5 2. Nc3 Nc6 3. Nf3 e5 4. Bc4 g6 5. b4 cxb4 6. Nd5 Bg7 7. d4 h6 8. dxe5 Nxe5 9. Nxe5 Bxe5 10. Rb1 Nf6 11. 0-0 0-0 12. f4 Nxd5 13. Bxd5 Bg7 14. f5 Kh7 15. Rb3 d6 16. Qf3 Bd7 17. f6 Bh8 18. h4 Be6 19. Qf4 Bxd5 20. exd5 h5 21. Rg3 Qe8 22. Bd2 Kg8 23. Re1 Qc8 24. Bxb4 Qxc2 25. Bxd6 Rfe8 26. Be7 Kh7 27. d6 Qc6 28. Re5 Qc2 29. Kh2 Qd1 30. Qc4 Rf8 31. Rd5 Qe1 32. Qd3 Bxf6 33. Bxf6 1-0

[Event "Barcelona Sant Marti op-A 23rd"]
[Site "Barcelona"]
[Date "2023.07.13"]
[Round "1"]
[White "Sambarta, Banerjee"]
[Black "Alvarez Calzadilla, Jose Avelino"]
[Result "1/2-1/2"]
[WhiteElo "1975"]
[BlackElo "2364"]
[PlyCount "47"]
[EventDate "2023.07.13"]
[EventType "swiss"]
[EventRounds "9"]
[EventCountry "ESP"]
[SourceTitle "CBM 215 Extra"]
[Source "ChessBase"]
[SourceDate "2023.09.30"]
[SourceVersion "1"]
[SourceVersionDate "2023.09.30"]
[SourceQuality "1"]

1. d4 Nf6 2. c4 g6 3. Nc3 d5 4. cxd5 Nxd5 5. e4 Nxc3 6. bxc3 Bg7 7. Nf3 c5 8. Rb1 0-0 9. Be2 cxd4 10. cxd4 Qa5+ 11. Bd2 Qxa2 12. 0-0 Bg4 13. Rxb7 Bxf3 14. Bxf3 Bxd4 15. e5 Na6 16. Rxe7 Rad8 17. e6 fxe6 18. Qe1 Nc5 19. Bc3 Nd3 20. Bxd4 Nxe1 21. Rg7+ Kh8 22. Rd7+ Kg8 23. Rg7+ Kh8 24. Rd7+ 1/2-1/2

[Event "Llinars del Valles 3rd"]
[Site "Llinars del Valles"]
[Date "2023.07.01"]
[Round "7"]
[White "Alvarez Calzadilla, Jose Avelino"]
[Black "Ayats Llobera, Gerard"]
[Result "0-1"]
[WhiteElo "2364"]
[BlackElo "2452"]
[PlyCount "128"]
[EventDate "2023.06.25"]
[EventType "swiss"]
[EventRounds "9"]
[EventCountry "ESP"]
[SourceTitle "CBM 215 Extra"]
[Source "ChessBase"]
[SourceDate "2023.09.30"]
[SourceVersion "1"]
[SourceVersionDate "2023.09.30"]
[SourceQuality "1"]

1. e4 e5 2. Nf3 Nc6 3. Bb5 a6 4. Ba4 Nf6 5. 0-0 Be7 6. Re1 b5 7. Bb3 d6 8. c3 0-0 9. h3 Nb8 10. d4 Nbd7 11. Nbd2 Bb7 12. Bc2 Re8 13. Nf1 Bf8 14. Ng3 g6 15. a4 c5 16. d5 c4 17. Bg5 Nc5 18. Qd2 Be7 19. Bh6 Nfd7 20. Rf1 bxa4 21. Nh2 Rb8 22. Ng4 Bc8 23. Bxa4 Nxa4 24. Rxa4 Nc5 25. Rxc4 a5 26. Rxc5 Bxg4 27. hxg4 dxc5 28. Rd1 Rb6 29. Be3 Bd6 30. Qe2 Qd7 31. Bc1 c4 32. Nf1 Rc8 33. Ne3 Be7 34. g5 Qc7 35. Ng4 Qd6 36. Ne3 Rbb8 37. Ng4 f6 38. gxf6 Bxf6 39. Qf3 Bg7 40. Qg3 Rf8 41. Qh4 Rf7 42. f4 exf4 43. e5 Qc5+ 44. Rd4 Rf5 45. d6 Rxe5 46. d7 Rd5 47. Nf6+ Bxf6 48. Qxf6 Rxd7 49. Qe6+ Rf7 50. Bxf4 Rxb2 51. Bg3 Rbb7 52. Qe3 Rbd7 53. Qe8+ Qf8 54. Qe6 Rxd4 55. cxd4 c3 56. Qc4 Qe7 57. Be5 Qb4 58. Qc8+ Qf8 59. Qc4 c2 60. g4 h6 61. Kg2 Kh7 62. Qxc2 Qa8+ 63. Kh2 Qf3 64. Bg3 Qxg4 0-1

[Event "Llinars del Valles 3rd"]
[Site "Llinars del Valles"]
[Date "2023.06.29"]
[Round "5"]
[White "Alvarez Calzadilla, Jose Avelino"]
[Black "Cruz Estrada, Filemon"]
[Result "1-0"]
[WhiteElo "2364"]
[BlackElo "2290"]
[PlyCount "63"]
[EventDate "2023.06.25"]
[EventType "swiss"]
[EventRounds "9"]
[EventCountry "ESP"]
[SourceTitle "CBM 215 Extra"]
[Source "ChessBase"]
[SourceDate "2023.09.30"]
[SourceVersion "1"]
[SourceVersionDate "2023.09.30"]
[SourceQuality "1"]

1. e4 e6 2. d4 d5 3. Nc3 Nf6 4. e5 Nfd7 5. f4 c5 6. Nf3 Nc6 7. Be3 a6 8. a3 b5 9. Bd3 Qb6 10. 0-0 cxd4 11. Bf2 Nc5 12. Nxd4 Nxd3 13. Qxd3 Nxd4 14. Bxd4 Bc5 15. Ne2 Bd7 16. c3 Rc8 17. Rf3 a5 18. b4 Bxd4+ 19. Nxd4 Rc4 20. Rg3 0-0 21. Re1 Rfc8 22. Qd2 Qc7 23. Ree3 axb4 24. axb4 Qa7 25. h4 Ra8 26. f5 g6 27. fxg6 fxg6 28. h5 Be8 29. Ref3 Bf7 30. Rf6 Qa2 31. Qh6 Qb1+ 32. Rf1 1-0

[Event "Llinars del Valles 3rd"]
[Site "Llinars del Valles"]
[Date "2023.06.28"]
[Round "4"]
[White "Fabregas Fontanet, Antonio"]
[Black "Alvarez Calzadilla, Jose Avelino"]
[Result "0-1"]
[WhiteElo "1845"]
[BlackElo "2364"]
[PlyCount "58"]
[EventDate "2023.06.25"]
[EventType "swiss"]
[EventRounds "9"]
[EventCountry "ESP"]
[SourceTitle "CBM 215 Extra"]
[Source "ChessBase"]
[SourceDate "2023.09.30"]
[SourceVersion "1"]
[SourceVersionDate "2023.09.30"]
[SourceQuality "1"]

1. e4 c5 2. Nf3 Nc6 3. d4 cxd4 4. Nxd4 Nf6 5. Nc3 e5 6. Nb3 Bb4 7. Bd3 Bxc3+ 8. bxc3 d6 9. 0-0 Be6 10. f4 Rc8 11. f5 Bd7 12. Qe1 Na5 13. Qg3 h6 14. Ba3 Nc4 15. Bxc4 Rxc4 16. Nd2 Ra4 17. c4 Bc6 18. Qd3 0-0 19. Bxd6 Re8 20. Rfe1 b6 21. Nf3 Bxe4 22. Qb3 Qxd6 23. Qxa4 Qc5+ 24. Kh1 Bc6 25. Qb3 e4 26. Ng1 e3 27. Rad1 Qxf5 28. Rxe3 Rxe3 29. Qxe3 Ng4 0-1

[Event "Llinars del Valles 3rd"]
[Site "Llinars del Valles"]
[Date "2023.06.26"]
[Round "2"]
[White "Alonso Gimenez, Mauro"]
[Black "Alvarez Calzadilla, Jose Avelino"]
[Result "1/2-1/2"]
[WhiteElo "1928"]
[BlackElo "2364"]
[PlyCount "69"]
[EventDate "2023.06.25"]
[EventType "swiss"]
[EventRounds "9"]
[EventCountry "ESP"]
[SourceTitle "CBM 215 Extra"]
[Source "ChessBase"]
[SourceDate "2023.09.30"]
[SourceVersion "1"]
[SourceVersionDate "2023.09.30"]
[SourceQuality "1"]

1. e4 c5 2. Nc3 Nc6 3. Bb5 Nd4 4. Bc4 a6 5. Nf3 b5 6. Bd5 Rb8 7. Nxd4 cxd4 8. Ne2 Nf6 9. Bb3 Nxe4 10. Nxd4 e6 11. Qe2 Bb7 12. d3 Bb4+ 13. Kf1 Nf6 14. Nf5 0-0 15. Ng3 Rc8 16. Bg5 h6 17. h4 Be7 18. Re1 Nd5 19. Bxd5 Bxd5 20. Bxe7 Qxe7 21. Qe5 Rfe8 22. c3 d6 23. Qd4 Qb7 24. Nh5 f5 25. Nf4 Bxa2 26. Qxd6 e5 27. Rxe5 Rxe5 28. Qxe5 Qf7 29. Qe2 Re8 30. Qd2 a5 31. Rh3 Qf6 32. Nh5 Qd6 33. Rg3 Re7 34. Qf4 Qxf4 35. Nxf4 1/2-1/2

[Event "Titled Tuesday intern op 21st Mar Early"]
[Site "Chess.com INT"]
[Date "2023.03.21"]
[Round "3"]
[White "Alvarez Calzadilla, Jose Avelino"]
[Black "Tarasova, Viktoriya"]
[Result "1/2-1/2"]
[WhiteElo "2386"]
[BlackElo "2226"]
[PlyCount "90"]
[EventDate "2023.03.21"]
[EventType "swiss (blitz)"]
[EventRounds "11"]
[EventCountry "USA"]
[SourceTitle "EXT 2024"]
[Source "ChessBase"]
[SourceDate "2023.10.10"]
[SourceVersion "1"]
[SourceVersionDate "2023.10.10"]
[SourceQuality "1"]

1. d4 Nf6 2. Nf3 e6 3. Bg5 d5 4. Nbd2 h6 5. Bh4 Be7 6. e3 b6 7. Bd3 Bb7 8. 0-0 c5 9. c3 0-0 10. Ne5 Nbd7 11. f4 Ne4 12. Bxe7 Qxe7 13. Nxd7 Qxd7 14. Nxe4 dxe4 15. Be2 cxd4 16. cxd4 Rac8 17. Qb3 Bd5 18. Qa3 Rc2 19. Rf2 Rfc8 20. Ba6 R8c7 21. Raf1 f5 22. Rxc2 Rxc2 23. Rf2 Qc7 24. Rxc2 Qxc2 25. h3 Qb1+ 26. Kf2 Qxa2 27. Qxa2 Bxa2 28. g4 g6 29. Kg3 Kg7 30. Kh4 Bd5 31. g5 h5 32. Kg3 Kf7 33. h4 Ke7 34. Bb5 Bb7 35. Kf2 a6 36. Ba4 Bd5 37. Ke1 b5 38. Bd1 Kd6 39. Kd2 Kc6 40. b4 Kd6 41. Kc3 Ke7 42. Be2 Bc6 43. Bd1 Bd5 44. Bc2 Kf7 45. Bd1 Ke7 1/2-1/2

[Event "Titled Tuesday intern op 28th Feb Early"]
[Site "Chess.com INT"]
[Date "2023.02.28"]
[Round "9"]
[White "Alvarez Calzadilla, Jose Avelino"]
[Black "Bharath, Subramaniyam H"]
[Result "0-1"]
[WhiteElo "2376"]
[BlackElo "2517"]
[PlyCount "104"]
[EventDate "2023.02.28"]
[EventType "swiss (blitz)"]
[EventRounds "11"]
[EventCountry "USA"]
[SourceTitle "CBM 213 Extra"]
[Source "ChessBase"]
[SourceDate "2023.05.31"]
[SourceVersion "1"]
[SourceVersionDate "2023.05.31"]
[SourceQuality "1"]

1. d4 Nf6 2. Nf3 g6 3. Bg5 Bg7 4. Nbd2 d5 5. e3 0-0 6. c4 c6 7. Be2 Bf5 8. 0-0 Nbd7 9. b4 Ne4 10. Nxe4 Bxe4 11. Qb3 h6 12. Bh4 Nb6 13. c5 Nc4 14. Bxc4 dxc4 15. Qxc4 Bxf3 16. gxf3 Qd7 17. Bg3 h5 18. h4 Rad8 19. Rfd1 Qh3 20. Qf1 Qf5 21. Kg2 e5 22. dxe5 Bxe5 23. Rxd8 Rxd8 24. Rd1 Re8 25. Qd3 Qf6 26. Qd7 Re7 27. Qd8+ Kh7 28. Rd6 Re6 29. Qxf6 Bxf6 30. Rxe6 fxe6 31. e4 Bc3 32. a3 Bb2 33. Bf4 Bxa3 34. Bd2 a5 35. bxa5 Bxc5 36. f4 Be7 37. Kg3 Kg7 38. f3 Kf7 39. Be1 Ke8 40. f5 exf5 41. exf5 Bd6+ 42. Kf2 gxf5 43. Ke3 Kd7 44. Kd4 Ke6 45. Kc4 Be7 46. Kd4 Bd8 47. Kc5 Bc7 48. Kc4 Bd6 49. Kd4 Kd7 50. Kc4 Kc8 51. Kd4 Kb8 52. Kc4 Ka7 0-1

[Event "Titled Tuesday intern op 28th Feb Early"]
[Site "Chess.com INT"]
[Date "2023.02.28"]
[Round "11"]
[White "Kochiev, Ivan"]
[Black "Alvarez Calzadilla, Jose Avelino"]
[Result "0-1"]
[WhiteElo "2046"]
[BlackElo "2376"]
[PlyCount "57"]
[EventDate "2023.02.28"]
[EventType "swiss (blitz)"]
[EventRounds "11"]
[EventCountry "USA"]
[SourceTitle "CBM 213 Extra"]
[Source "ChessBase"]
[SourceDate "2023.05.31"]
[SourceVersion "1"]
[SourceVersionDate "2023.05.31"]
[SourceQuality "1"]

1. e4 e5 2. Nf3 Nc6 3. Bc4 Nf6 4. d3 Bc5 5. 0-0 d6 6. c3 0-0 7. h3 a6 8. Bb3 Ba7 9. Re1 h6 10. Nbd2 Re8 11. Nf1 Be6 12. Ng3 d5 13. Be3 Bxe3 14. Rxe3 d4 15. Re2 Qd6 16. Bxe6 Rxe6 17. Nf5 Qd7 18. cxd4 exd4 19. Rc1 g6 20. Nxh6+ Kg7 21. Qd2 Rh8 22. Ng4 Nxg4 23. hxg4 Rf6 24. Qg5 Nd8 25. g3 Ne6 26. Qe5 Nf4 27. Rec2 Qxg4 28. Ne1 Qh3 29. f3 0-1

[Event "Titled Tuesday intern op 28th Feb Early"]
[Site "Chess.com INT"]
[Date "2023.02.28"]
[Round "3"]
[White "Tymrakiewicz, Rafal"]
[Black "Alvarez Calzadilla, Jose Avelino"]
[Result "0-1"]
[WhiteElo "2157"]
[BlackElo "2376"]
[PlyCount "86"]
[EventDate "2023.02.28"]
[EventType "swiss (blitz)"]
[EventRounds "11"]
[EventCountry "USA"]
[SourceTitle "CBM 213 Extra"]
[Source "ChessBase"]
[SourceDate "2023.05.31"]
[SourceVersion "1"]
[SourceVersionDate "2023.05.31"]
[SourceQuality "1"]

1. e4 e5 2. Nf3 Nc6 3. Bb5 a6 4. Bxc6 dxc6 5. Nc3 f6 6. d4 exd4 7. Qxd4 Qxd4 8. Nxd4 Bd7 9. Be3 0-0-0 10. Rd1 Bb4 11. a3 Bxc3+ 12. bxc3 Ne7 13. 0-0 c5 14. Ne2 b6 15. Nf4 Ng6 16. Nxg6 hxg6 17. Rd2 Bc6 18. Rxd8+ Rxd8 19. f3 Ba4 20. Rc1 Kb7 21. Kf2 Kc6 22. c4 Kb7 23. Ke2 Be8 24. Rd1 Rxd1 25. Kxd1 Bf7 26. h4 Bxc4 27. g4 Kc6 28. Bd2 Kb5 29. Bc3 Be6 30. Kd2 Kc4 31. Bb2 b5 32. g5 f5 33. Bxg7 fxe4 34. f4 Bf5 35. Be5 c6 36. Bc7 b4 37. axb4 cxb4 38. Be5 a5 39. Ke3 a4 40. Bf6 b3 41. cxb3+ Kxb3 42. Kd4 a3 43. Kc5 e3 0-1

[Event "Titled Tuesday intern op 14th Feb Late"]
[Site "Chess.com INT"]
[Date "2023.02.14"]
[Round "3"]
[White "Alvarez Calzadilla, Jose Avelino"]
[Black "Drnovsek, Gal"]
[Result "0-1"]
[WhiteElo "2376"]
[BlackElo "2397"]
[PlyCount "68"]
[EventDate "2023.02.14"]
[EventType "swiss (blitz)"]
[EventRounds "11"]
[EventCountry "USA"]
[SourceTitle "CBM 212 Extra"]
[Source "ChessBase"]
[SourceDate "2023.03.31"]
[SourceVersion "1"]
[SourceVersionDate "2023.03.31"]
[SourceQuality "1"]

1. e4 e5 2. Nf3 Nc6 3. Bb5 a6 4. Ba4 b5 5. Bb3 g6 6. c3 Bg7 7. d4 exd4 8. cxd4 Na5 9. d5 d6 10. Bd2 Nxb3 11. axb3 Nf6 12. 0-0 0-0 13. Re1 Re8 14. Qc2 Bg4 15. Nd4 Bd7 16. Qd3 Ng4 17. Nf3 Bxb2 18. Nc3 b4 19. Ne2 Bb5 20. Qc2 Bxa1 21. Rxa1 Bxe2 22. Bg5 f6 23. Qxe2 fxg5 24. Nd4 Ne5 25. Ne6 Qd7 26. Rxa6 Rxa6 27. Qxa6 Rxe6 28. dxe6 Qxe6 29. f3 Qxb3 30. Qc8+ Kg7 31. Qxc7+ Nf7 32. Qe7 Qc3 33. h4 gxh4 34. Qxh4 b3 0-1

[Event "Titled Tuesday intern op 14th Feb Late"]
[Site "Chess.com INT"]
[Date "2023.02.14"]
[Round "10"]
[White "Haszon, David"]
[Black "Alvarez Calzadilla, Jose Avelino"]
[Result "0-1"]
[WhiteElo "2291"]
[BlackElo "2376"]
[PlyCount "110"]
[EventDate "2023.02.14"]
[EventType "swiss (blitz)"]
[EventRounds "11"]
[EventCountry "USA"]
[SourceTitle "CBM 212 Extra"]
[Source "ChessBase"]
[SourceDate "2023.03.31"]
[SourceVersion "1"]
[SourceVersionDate "2023.03.31"]
[SourceQuality "1"]

1. d4 Nf6 2. Bf4 d6 3. Nc3 Nbd7 4. Nf3 c6 5. Qd2 Qc7 6. e4 e5 7. Bg3 Be7 8. a4 0-0 9. Bc4 Re8 10. 0-0 h6 11. Rfe1 Bf8 12. Rad1 b6 13. Qc1 a6 14. Qb1 b5 15. Bb3 Bb7 16. Qa2 Re7 17. Nh4 Nb6 18. Ng6 Ree8 19. dxe5 dxe5 20. a5 Nc8 21. Rd2 b4 22. Na4 c5 23. Nb6 Rb8 24. f3 c4 25. Nxc4 fxg6 26. Nxe5+ Kh7 27. Nxg6 Qc5+ 28. Bf2 Qg5 29. Nxf8+ Rxf8 30. Be3 Qh4 31. Bf2 Qf4 32. Be3 Qc7 33. Bd4 Bc6 34. Red1 Rb5 35. Bf2 Rh5 36. Bg3 Qa7+ 37. Bf2 Qc7 38. Bg3 Qe7 39. e5 Qc5+ 40. Bf2 Qxe5 41. Bg3 Qc5+ 42. Bf2 Qe7 43. Bc4 Qb7 44. Re2 Rg5 45. Bd3+ Kh8 46. Bg3 Nh5 47. Qe6 Nxg3 48. hxg3 Rxg3 49. Be4 Bxe4 50. Qxe4 Qxe4 51. Rxe4 Rg5 52. Rxb4 Rxa5 53. Rd7 Rb5 54. Rc4 Nb6 55. Ra7 Nxc4 0-1

[Event "Titled Tuesday intern op 14th Feb Late"]
[Site "Chess.com INT"]
[Date "2023.02.14"]
[Round "8"]
[White "Maltsevskaya, Aleksandra"]
[Black "Alvarez Calzadilla, Jose Avelino"]
[Result "0-1"]
[WhiteElo "2392"]
[BlackElo "2376"]
[PlyCount "74"]
[EventDate "2023.02.14"]
[EventType "swiss (blitz)"]
[EventRounds "11"]
[EventCountry "USA"]
[SourceTitle "CBM 212 Extra"]
[Source "ChessBase"]
[SourceDate "2023.03.31"]
[SourceVersion "1"]
[SourceVersionDate "2023.03.31"]
[SourceQuality "1"]

1. e4 e5 2. Nf3 Nc6 3. Bb5 Nf6 4. d3 Bc5 5. 0-0 Nd4 6. Nxd4 Bxd4 7. c3 Bb6 8. d4 0-0 9. Bg5 h6 10. Bh4 g5 11. Bg3 exd4 12. e5 Ne4 13. cxd4 d6 14. Nc3 Nxg3 15. hxg3 dxe5 16. dxe5 Qxd1 17. Raxd1 Be6 18. Kh2 Rad8 19. f4 c6 20. Be2 Rxd1 21. Rxd1 Rd8 22. Rxd8+ Bxd8 23. Ne4 Bxa2 24. Nd6 b6 25. Bf3 c5 26. Nb5 a6 27. Nc3 Be6 28. Be4 gxf4 29. gxf4 f5 30. Bd3 b5 31. g4 fxg4 32. f5 Bc7 33. fxe6 Bxe5+ 34. Kg2 Bxc3 35. bxc3 Kf8 36. Kg3 h5 37. Bg6 Ke7 0-1

[Event "Titled Tuesday intern op 19th Jul Late"]
[Site "Chess.com INT"]
[Date "2022.07.19"]
[Round "2"]
[White "Jones, Gawain C B"]
[Black "Alvarez Calzadilla, Jose Avelino"]
[Result "1-0"]
[WhiteElo "2652"]
[BlackElo "2329"]
[PlyCount "71"]
[EventDate "2022.07.19"]
[EventType "swiss (blitz)"]
[EventRounds "11"]
[EventCountry "USA"]
[SourceTitle "EXT 2023"]
[Source "ChessBase"]
[SourceDate "2022.10.05"]
[SourceVersion "1"]
[SourceVersionDate "2022.10.05"]
[SourceQuality "1"]

1. e4 c5 2. Nc3 g6 3. d4 cxd4 4. Qxd4 Nf6 5. Nf3 Nc6 6. Qa4 d6 7. e5 dxe5 8. Nxe5 Bg7 9. Nxc6 bxc6 10. Be2 0-0 11. 0-0 Qb6 12. Bf3 Bf5 13. Rb1 Rfd8 14. Be3 Qc7 15. Qxc6 Qxc6 16. Bxc6 Rac8 17. Ba4 Ng4 18. Bxa7 Ra8 19. Bb6 Rdb8 20. Bc6 Ra6 21. Bc7 Rf8 22. Nd5 Bxc2 23. Rbc1 Bd3 24. Rfd1 Bxb2 25. Rc5 Bd4 26. Nxe7+ Kg7 27. Rd5 Bxf2+ 28. Kh1 Bh4 29. R5xd3 Nf2+ 30. Kg1 Nxd1 31. Be5+ Bf6 32. Bxf6+ Kxf6 33. Bb5 Rb6 34. Nd5+ Ke5 35. Nxb6 Nb2 36. Rb3 1-0

[Event "Guillermo Garcia Memorial op"]
[Site "Santa Clara"]
[Date "2022.05.07"]
[Round "7"]
[White "Navarro Herrera, Leinier Alcides"]
[Black "Alvarez Calzadilla, Jose Avelino"]
[Result "0-1"]
[WhiteElo "1965"]
[BlackElo "2302"]
[PlyCount "64"]
[EventDate "2022.04.30"]
[EventType "swiss"]
[EventRounds "9"]
[EventCountry "CUB"]
[SourceTitle "CBM 208 Extra"]
[Source "ChessBase"]
[SourceDate "2022.07.31"]
[SourceVersion "1"]
[SourceVersionDate "2022.07.31"]
[SourceQuality "1"]

1. Nf3 Nf6 2. g3 g6 3. b3 d5 4. Bb2 c5 5. d4 cxd4 6. Bxd4 Bg7 7. Bg2 0-0 8. 0-0 Nc6 9. Bb2 Qc7 10. Nbd2 e5 11. e3 Rd8 12. a3 e4 13. Nd4 Ne5 14. h3 h5 15. Qe2 h4 16. g4 Re8 17. f4 exf3 18. N4xf3 Nfxg4 19. hxg4 Nxf3+ 20. Qxf3 Bxb2 21. Rad1 Be6 22. c4 Rad8 23. e4 dxc4 24. Nxc4 Bxa3 25. e5 Bc5+ 26. Kh1 b5 27. Nd6 Bxd6 28. exd6 Rxd6 29. Qf4 Red8 30. Rc1 Qb6 31. Qh6 Qd4 32. Rf4 Qh8 0-1

[Event "Guillermo Garcia Memorial op"]
[Site "Santa Clara"]
[Date "2022.05.04"]
[Round "5"]
[White "Cabrera Gonzalez, Maximo Ariel"]
[Black "Alvarez Calzadilla, Jose Avelino"]
[Result "1/2-1/2"]
[WhiteElo "2250"]
[BlackElo "2302"]
[PlyCount "51"]
[EventDate "2022.04.30"]
[EventType "swiss"]
[EventRounds "9"]
[EventCountry "CUB"]
[SourceTitle "CBM 208 Extra"]
[Source "ChessBase"]
[SourceDate "2022.07.31"]
[SourceVersion "1"]
[SourceVersionDate "2022.07.31"]
[SourceQuality "1"]

1. e4 e5 2. Nf3 Nc6 3. Bb5 a6 4. Ba4 Nf6 5. d3 b5 6. Bb3 Be7 7. 0-0 d6 8. a3 0-0 9. Nc3 Na5 10. Ba2 Be6 11. Bg5 h6 12. Bh4 c5 13. Bxf6 Bxf6 14. Nd5 g6 15. Nxf6+ Qxf6 16. Qd2 Nc6 17. Qxh6 Bxa2 18. Rxa2 b4 19. Ng5 Qg7 20. Qxg7+ Kxg7 21. f4 exf4 22. Rxf4 Nd4 23. Rf2 Nxc2 24. axb4 Nxb4 25. Ra3 Ra7 26. Rc3 1/2-1/2

[Event "Guillermo Garcia Memorial op"]
[Site "Santa Clara"]
[Date "2022.05.02"]
[Round "3"]
[White "Saiz Rodriguez, Daniel Evelio"]
[Black "Alvarez Calzadilla, Jose Avelino"]
[Result "0-1"]
[WhiteElo "2194"]
[BlackElo "2302"]
[PlyCount "68"]
[EventDate "2022.04.30"]
[EventType "swiss"]
[EventRounds "9"]
[EventCountry "CUB"]
[SourceTitle "CBM 208 Extra"]
[Source "ChessBase"]
[SourceDate "2022.07.31"]
[SourceVersion "1"]
[SourceVersionDate "2022.07.31"]
[SourceQuality "1"]

1. e4 c5 2. Nf3 Nc6 3. d4 cxd4 4. Nxd4 Nf6 5. Nc3 e5 6. Ndb5 d6 7. Bg5 a6 8. Na3 b5 9. Nd5 Be7 10. Bxf6 Bxf6 11. c4 b4 12. Nc2 0-0 13. g3 a5 14. Bg2 Be6 15. 0-0 Bxd5 16. cxd5 Nd4 17. Nxd4 exd4 18. Bh3 Re8 19. Qd3 Qe7 20. Rfe1 a4 21. Rac1 Ra5 22. Qd2 Rb8 23. Rc4 Rab5 24. Rec1 g6 25. Qh6 Rc5 26. Rxc5 dxc5 27. Qf4 Rb6 28. Re1 Be5 29. Qc1 d3 30. Bf1 b3 31. a3 Qf6 32. Bxd3 Bxb2 33. e5 Qxe5 34. Qd1 Qf6 0-1